| 000 | 00909nam a2200241Ia 4500 | ||
|---|---|---|---|
| 003 | OSt | ||
| 005 | 20251127103226.0 | ||
| 008 | 210719s2007 xx 000 0 und d | ||
| 040 | _cAL | ||
| 041 | _aKannada | ||
| 082 | _aK894.3 VIMM | ||
| 100 |
_aVIMAL MITRA _dವಿಮಲ್ ಮಿತ್ರ _9246942 |
||
| 245 |
_aMurane sakshidara mattu haladi hu _bಮೂರನೇ ಸಾಕ್ಷಿದಾರ ಮತ್ತು ಹಳದಿ ಹೂ |
||
| 260 |
_aShivamogga _bRavindra Pustakalaya _c2007 |
||
| 300 | _a184 | ||
| 365 |
_b90 _cRs |
||
| 650 |
_aKannada Fiction _9246943 |
||
| 650 |
_aಬಂಗಾಳಿ ಕಾದಂಬರಿ ಕನ್ನಡ ಅನುವಾದ _9246946 |
||
| 650 |
_aKannada literature _9246944 |
||
| 700 |
_aSRINATH (D N) _dಶ್ರೀನಾಥ್ (ಡಿ ಎನ್) tr _9246945 |
||
| 906 | _aby ; Di ; En ; haLadi ; hU ; mattu ; MUranE ; sAkShidAra ; Shrinath ; Tr | ||
| 942 |
_2ddc _cBK |
||
| 999 |
_c215202 _d215202 |
||